Old Christmas (Record no. 156092)
[ view plain ]
| 000 -LEADER | |
|---|---|
| campo de control de longitud fija | 00895nam a22002295i 4500 |
| 001 - NÚMERO DE CONTROL | |
| campo de control | 156092 |
| 003 - IDENTIFICADOR DE NÚMERO DE CONTROL | |
| campo de control | ES-MaACL |
| 005 - FECHA Y HORA DE LA ÚLTIMA TRANSACCIÓN | |
| campo de control | 20240524063005.0 |
| 008 - DATOS DE LONGITUD FIJA--INFORMACIÓN GENERAL | |
| campo de control de longitud fija | 041006s1882 xxka |||| | eng d |
| 040 ## - FUENTE DE CATALOGACIÓN | |
| Centro catalogador/agencia de origen | CAM |
| Lengua de catalogación | spa |
| Centro/agencia transcriptor | CAM |
| 100 0# - ENTRADA PRINCIPAL--NOMBRE DE PERSONA | |
| Nombre de persona | Irving, Washington, |
| Fechas asociadas al nombre | 1783-1859 |
| 9 (RLIN) | 65506 |
| 245 10 - MENCIÓN DEL TÍTULO | |
| Título | Old Christmas |
| Resto del título | : from Washington Irving's sketch-book / |
| Mención de responsabilidad, etc. | with upwards of one hundred illustrations by R. Caldecott, engraved by James D. Cooper. |
| 260 ## - PUBLICACIÓN, DISTRIBUCIÓN, ETC. | |
| Lugar de publicación, distribución, etc. | London : |
| Nombre del editor, distribuidor, etc. | Macmillan & Co., |
| Fecha de publicación, distribución, etc. | 1882 ( |
| Lugar de fabricación/manufactura | Edinburgh : |
| Fabricante | printed by R. & R. Clark) |
| 300 ## - DESCRIPCIÓN FÍSICA | |
| Extensión | 36 p. : |
| Otras características físicas | il. ; |
| Dimensiones | 30 cm. |
| 500 ## - NOTA GENERAL | |
| Nota general | Datos tomados de la cub. |
| 597 ## - NOTA DE DESCRIPCIÓN FÍSICA | |
| NOTA DE DESCRIPCIÓN FÍSICA | Texto a dos col. con il. intercaladas en el texto. |
| 650 #4 - PUNTO DE ACCESO ADICIONAL DE MATERIA--TÉRMINO DE MATERIA | |
| Término de materia o nombre geográfico como elemento de entrada | Navidad- |
| Subdivisión de forma | Cuentos. |
| 9 (RLIN) | 156090 |
| 700 1# - ENTRADA AGREGADA--NOMBRE PERSONAL | |
| Nombre de persona | Caldecott, Randolph ( |
| Fechas asociadas al nombre | 1846-1886) |
| 9 (RLIN) | 126286 |
| 700 1# - ENTRADA AGREGADA--NOMBRE PERSONAL | |
| Nombre de persona | Cooper, James D. |
| 9 (RLIN) | 126570 |
| 852 ## - LOCALIZACIÓN | |
| Ubicación | ES-MaACL |
| Número de control de estantería | 1539-F-18 |
| Estatus retirado | Estado de pérdida | Estado de daño | No para préstamo | Colección | Biblioteca de origen | Biblioteca actual | Ubicación en estantería | Fecha de adquisición | Fuente de adquisición | Total de préstamos | Signatura topográfica completa | Código de barras | Visto por última vez | Precio de reemplazo | Tipo de ítem Koha |
|---|---|---|---|---|---|---|---|---|---|---|---|---|---|---|---|
| Colección de folletos | Biblioteca del Ateneo de Madrid | Biblioteca del Ateneo de Madrid | Depósito folletos | 17/01/2008 | 1539-F-18 | 1163300 | 23/02/2023 | 23/02/2023 | Folleto |
